[Event "2022 Welsh Championship"]
[Site "Cardiff"]
[Date "2022.04.17"]
[Round "5"]
[Board "5"]
[White "Smith, Lynda"]
[Black "Brown, Thomas"]
[Result "1/2-1/2"]
[WhiteElo "1772"]
[BlackElo "2173"]
[PlyCount "0"]
[EventDate "2022.04.15"]
[EventRounds "7"]
[EventCountry "WLS"]

1. f4 {[%clk 01:30:54]} {[%emt 00:00:06]} d5 {[%clk 01:30:52]} {[%emt
00:00:08]} 2. Nf3 {[%clk 01:31:20]} {[%emt 00:00:05]} Nf6 {[%clk 01:31:16]}
{[%emt 00:00:06]} 3. g3 {[%clk 01:31:39]} {[%emt 00:00:11]} e6 {[%clk
01:31:31]} {[%emt 00:00:14]} 4. Bg2 {[%clk 01:31:53]} {[%emt 00:00:17]} b5
{[%clk 01:31:44]} {[%emt 00:00:17]} 5. a4 {[%clk 01:31:19]} {[%emt 00:01:04]}
b4 {[%clk 01:28:26]} {[%emt 00:03:48]} 6. c3 {[%clk 01:31:24]} {[%emt
00:00:25]} a5 {[%clk 01:26:44]} {[%emt 00:02:12]} 7. Ne5 {[%clk 01:29:38]}
{[%emt 00:02:16]} Bb7 {[%clk 01:24:23]} {[%emt 00:02:50]} 8. O-O {[%clk
01:28:36]} {[%emt 00:01:32]} Nbd7 {[%clk 01:24:04]} {[%emt 00:00:49]} 9. d4
{[%clk 01:27:41]} {[%emt 00:01:25]} Be7 {[%clk 01:17:58]} {[%emt 00:06:35]} 10.
Nd2 {[%clk 01:26:08]} {[%emt 00:02:03]} c5 {[%clk 01:13:11]} {[%emt 00:05:18]}
11. Ndf3 {[%clk 01:19:20]} {[%emt 00:07:19]} O-O {[%clk 01:10:29]} {[%emt
00:03:11]} 12. g4 {[%clk 01:17:51]} {[%emt 00:01:59]} Nxe5 {[%clk 01:06:34]}
{[%emt 00:04:25]} 13. Nxe5 {[%clk 01:17:38]} {[%emt 00:00:43]} Ne4 {[%clk
01:06:35]} {[%emt 00:00:30]} 14. Be3 {[%clk 01:07:24]} {[%emt 00:10:44]} f6
{[%clk 01:01:07]} {[%emt 00:05:57]} 15. Nd3 {[%clk 01:04:22]} {[%emt 00:03:32]}
bxc3 {[%clk 01:00:23]} {[%emt 00:01:15]} 16. Bxe4 {[%clk 01:02:57]} {[%emt
00:01:55]} dxe4 {[%clk 00:52:40]} {[%emt 00:08:12]} 17. Nxc5 {[%clk 01:03:10]}
{[%emt 00:00:17]} cxb2 {[%clk 00:51:26]} {[%emt 00:01:44]} 18. Rb1 {[%clk
01:02:01]} {[%emt 00:01:40]} Bxc5 {[%clk 00:51:47]} {[%emt 00:00:09]} 19. dxc5
{[%clk 01:02:23]} {[%emt 00:00:09]} Bc6 {[%clk 00:47:30]} {[%emt 00:04:47]} 20.
Rxb2 {[%clk 00:56:10]} {[%emt 00:06:42]} Qxd1 {[%clk 00:36:40]} {[%emt
00:11:21]} 21. Rxd1 {[%clk 00:56:12]} {[%emt 00:00:28]} Bxa4 {[%clk 00:37:07]}
{[%emt 00:00:03]} 22. Rd6 {[%clk 00:56:09]} {[%emt 00:00:32]} Rfe8 {[%clk
00:36:37]} {[%emt 00:01:00]} 23. Rbb6 {[%clk 00:55:22]} {[%emt 00:01:18]} Kf7
{[%clk 00:34:58]} {[%emt 00:02:09]} 24. Kf2 {[%clk 00:51:44]} {[%emt 00:04:08]}
Re7 {[%clk 00:28:43]} {[%emt 00:06:45]} 25. Ra6 {[%clk 00:48:50]} {[%emt
00:03:23]} Rea7 {[%clk 00:26:03]} {[%emt 00:03:11]} 26. Rab6 {[%clk 00:48:59]}
{[%emt 00:00:22]} Bd7 {[%clk 00:23:22]} {[%emt 00:03:11]} 27. c6 {[%clk
00:47:42]} {[%emt 00:01:45]} Bc8 {[%clk 00:23:26]} {[%emt 00:00:27]} 28. Rd8
{[%clk 00:20:23]} {[%emt 00:27:49]} a4 {[%clk 00:16:29]} {[%emt 00:07:27]} 29.
Bc5 {[%clk 00:10:09]} {[%emt 00:10:44]} a3 {[%clk 00:10:04]} {[%emt 00:06:55]}
30. Bxa3 {[%clk 00:09:35]} {[%emt 00:01:04]} e3+ {[%clk 00:08:54]} {[%emt
00:01:40]} 31. Kg3 {[%clk 00:08:52]} {[%emt 00:01:13]} Rxa3 {[%clk 00:04:42]}
{[%emt 00:04:42]} 32. c7 {[%clk 00:09:06]} {[%emt 00:00:16]} Rc3 {[%clk
00:03:40]} {[%emt 00:01:32]} 33. Rb8 {[%clk 00:09:07]} {[%emt 00:00:29]} Ra7
{[%clk 00:04:00]} {[%emt 00:00:10]} 34. Rbxc8 {[%clk 00:08:48]} {[%emt
00:00:49]} Raxc7 {[%clk 00:03:56]} {[%emt 00:00:34]} 35. Rxc7+ {[%clk
00:09:04]} {[%emt 00:00:14]} Rxc7 {[%clk 00:03:57]} {[%emt 00:00:29]} 36. Rd3
{[%clk 00:09:27]} {[%emt 00:00:07]}  1/2-1/2

[Event "2022 Welsh Championship"]
[Site "Cardiff"]
[Date "2022.04.17"]
[Round "5"]
[Board "6"]
[White "Thomas, James"]
[Black "Kett, Tim"]
[Result "1/2-1/2"]
[WhiteElo "1941"]
[BlackElo "2168"]
[PlyCount "0"]
[EventDate "2022.04.15"]
[EventRounds "7"]
[EventCountry "WLS"]

1. e4 {[%clk 01:30:57]} {[%emt 00:00:03]} e5 {[%clk 01:27:11]} {[%emt
00:03:48]} 2. Nf3 {[%clk 01:31:16]} {[%emt 00:00:11]} f5 {[%clk 01:27:29]}
{[%emt 00:00:12]} 3. Nxe5 {[%clk 01:30:24]} {[%emt 00:01:22]} Qf6 {[%clk
01:26:29]} {[%emt 00:01:29]} 4. d4 {[%clk 01:29:40]} {[%emt 00:01:15]} d6
{[%clk 01:26:51]} {[%emt 00:00:08]} 5. Nc4 {[%clk 01:28:57]} {[%emt 00:01:14]}
fxe4 {[%clk 01:27:13]} {[%emt 00:00:08]} 6. Nc3 {[%clk 01:28:21]} {[%emt
00:01:07]} Qg6 {[%clk 01:27:29]} {[%emt 00:00:12]} 7. f3 {[%clk 01:25:32]}
{[%emt 00:03:20]} exf3 {[%clk 01:21:12]} {[%emt 00:06:46]} 8. Qxf3 {[%clk
01:23:44]} {[%emt 00:02:18]} Nf6 {[%clk 01:21:22]} {[%emt 00:00:19]} 9. Bd3
{[%clk 01:21:40]} {[%emt 00:02:36]} Qg4 {[%clk 01:19:15]} {[%emt 00:02:35]} 10.
O-O {[%clk 01:08:49]} {[%emt 00:13:22]} Qxf3 {[%clk 01:05:48]} {[%emt
00:13:58]} 11. Rxf3 {[%clk 01:08:31]} {[%emt 00:00:47]} Nc6 {[%clk 01:05:29]}
{[%emt 00:00:49]} 12. Nb5 {[%clk 00:59:01]} {[%emt 00:10:01]} Kd8 {[%clk
01:00:34]} {[%emt 00:05:24]} 13. Bg5 {[%clk 00:52:12]} {[%emt 00:07:19]} Be7
{[%clk 00:57:01]} {[%emt 00:04:03]} 14. Re1 {[%clk 00:45:20]} {[%emt 00:07:24]}
a6 {[%clk 00:48:41]} {[%emt 00:08:49]} 15. Nc3 {[%clk 00:34:38]} {[%emt
00:11:11]} h6 {[%clk 00:38:08]} {[%emt 00:11:02]} 16. Bh4 {[%clk 00:27:21]}
{[%emt 00:07:48]} g5 {[%clk 00:34:43]} {[%emt 00:03:55]} 17. Bf2 {[%clk
00:26:04]} {[%emt 00:01:47]} Nb4 {[%clk 00:30:29]} {[%emt 00:04:43]} 18. Ne3
{[%clk 00:17:40]} {[%emt 00:08:55]} Nxd3 {[%clk 00:30:19]} {[%emt 00:00:41]} 19.
cxd3 {[%clk 00:17:36]} {[%emt 00:00:35]} Rf8 {[%clk 00:20:57]} {[%emt
00:09:51]} 20. d5 {[%clk 00:11:01]} {[%emt 00:07:06]} Ng4 {[%clk 00:15:10]}
{[%emt 00:06:15]} 21. Rxf8+ {[%clk 00:10:40]} {[%emt 00:00:53]} Bxf8 {[%clk
00:15:35]} {[%emt 00:00:05]} 22. Nxg4 {[%clk 00:10:33]} {[%emt 00:00:37]} Bxg4
{[%clk 00:16:00]} {[%emt 00:00:04]} 23. Bd4 {[%clk 00:10:06]} {[%emt 00:00:57]}
c5 {[%clk 00:09:03]} {[%emt 00:07:27]} 24. Bf6+ {[%clk 00:08:54]} {[%emt
00:01:43]} Kd7 {[%clk 00:08:15]} {[%emt 00:01:18]} 25. Ne4 {[%clk 00:08:54]}
{[%emt 00:00:30]} Kc7 {[%clk 00:05:32]} {[%emt 00:03:12]} 26. Bc3 {[%clk
00:07:51]} {[%emt 00:01:34]} Re8 {[%clk 00:05:13]} {[%emt 00:00:49]} 27. Rf1
{[%clk 00:06:05]} {[%emt 00:02:17]} Be7 {[%clk 00:01:18]} {[%emt 00:04:24]} 28.
Rf7 {[%clk 00:05:45]} {[%emt 00:00:50]} Kb6 {[%clk 00:01:26]} {[%emt 00:00:22]}
29. b4 {[%clk 00:04:57]} {[%emt 00:01:18]} cxb4 {[%clk 00:01:06]} {[%emt
00:00:50]} 30. Bxb4 {[%clk 00:04:52]} {[%emt 00:00:35]} Be2 {[%clk 00:01:16]}
{[%emt 00:00:18]} 31. Bxd6 {[%clk 00:01:54]} {[%emt 00:03:28]}  1/2-1/2

[Event "2022 Welsh Championship"]
[Site "Cardiff"]
[Date "2022.04.17"]
[Round "5"]
[Board "8"]
[White "Fathallah, Joe"]
[Black "Davis, Lee"]
[Result "1-0"]
[WhiteElo "1869"]
[BlackElo "1944"]
[PlyCount "0"]
[EventDate "2022.04.15"]
[EventRounds "7"]
[EventCountry "WLS"]

1. d4 {[%clk 01:30:56]} {[%emt 00:00:03]} Nf6 {[%clk 01:30:51]} {[%emt
00:00:09]} 2. c4 {[%clk 01:31:12]} {[%emt 00:00:13]} e6 {[%clk 01:31:15]}
{[%emt 00:00:06]} 3. Nc3 {[%clk 01:31:36]} {[%emt 00:00:07]} Bb4 {[%clk
01:31:40]} {[%emt 00:00:05]} 4. Qc2 {[%clk 01:32:00]} {[%emt 00:00:06]} d5
{[%clk 01:31:22]} {[%emt 00:00:49]} 5. cxd5 {[%clk 01:31:53]} {[%emt 00:00:37]}
Qxd5 {[%clk 01:31:30]} {[%emt 00:00:21]} 6. Nf3 {[%clk 01:32:06]} {[%emt
00:00:17]} Nc6 {[%clk 01:31:14]} {[%emt 00:00:47]} 7. a3 {[%clk 01:29:47]}
{[%emt 00:02:49]} Bxc3+ {[%clk 01:31:33]} {[%emt 00:00:10]} 8. bxc3 {[%clk
01:29:56]} {[%emt 00:00:19]} O-O {[%clk 01:30:17]} {[%emt 00:01:48]} 9. e3
{[%clk 01:28:45]} {[%emt 00:01:40]} e5 {[%clk 01:23:17]} {[%emt 00:07:31]} 10.
c4 {[%clk 01:27:31]} {[%emt 00:01:45]} Qd6 {[%clk 01:23:14]} {[%emt 00:00:32]}
11. d5 {[%clk 01:26:57]} {[%emt 00:01:04]} e4 {[%clk 01:23:38]} {[%emt
00:00:06]} 12. Nd2 {[%clk 01:24:51]} {[%emt 00:02:36]} Ne7 {[%clk 01:21:38]}
{[%emt 00:02:31]} 13. Nxe4 {[%clk 01:21:00]} {[%emt 00:04:21]} Nxe4 {[%clk
01:20:36]} {[%emt 00:01:32]} 14. Qxe4 {[%clk 01:21:21]} {[%emt 00:00:09]} Bf5
{[%clk 01:20:52]} {[%emt 00:00:14]} 15. Qd4 {[%clk 01:19:24]} {[%emt 00:02:26]}
c5 {[%clk 01:16:52]} {[%emt 00:04:31]} 16. Qc3 {[%clk 01:14:07]} {[%emt
00:05:46]} b5 {[%clk 01:13:27]} {[%emt 00:03:56]} 17. Bb2 {[%clk 01:13:45]}
{[%emt 00:00:53]} f6 {[%clk 01:09:29]} {[%emt 00:04:28]} 18. cxb5 {[%clk
01:02:16]} {[%emt 00:11:58]} Kh8 {[%clk 01:05:52]} {[%emt 00:04:07]} 19. Bc4
{[%clk 00:58:21]} {[%emt 00:04:25]} Ng6 {[%clk 01:04:23]} {[%emt 00:02:00]} 20.
O-O {[%clk 00:55:15]} {[%emt 00:03:36]} Ne5 {[%clk 01:02:33]} {[%emt 00:02:20]}
21. f3 {[%clk 00:53:09]} {[%emt 00:02:36]} h5 {[%clk 00:58:37]} {[%emt
00:04:26]} 22. e4 {[%clk 00:51:47]} {[%emt 00:01:51]} Bh7 {[%clk 00:58:59]}
{[%emt 00:00:08]} 23. f4 {[%clk 00:50:21]} {[%emt 00:01:56]} Nxc4 {[%clk
00:52:21]} {[%emt 00:07:08]} 24. Qxc4 {[%clk 00:50:38]} {[%emt 00:00:13]} Rfe8
{[%clk 00:52:37]} {[%emt 00:00:14]} 25. e5 {[%clk 00:48:08]} {[%emt 00:03:00]}
fxe5 {[%clk 00:51:56]} {[%emt 00:01:11]} 26. fxe5 {[%clk 00:48:30]} {[%emt
00:00:09]} Qg6 {[%clk 00:50:12]} {[%emt 00:02:14]} 27. e6 {[%clk 00:47:19]}
{[%emt 00:01:40]} Qc2 {[%clk 00:46:54]} {[%emt 00:03:48]} 28. Qxc2 {[%clk
00:46:13]} {[%emt 00:01:35]} Bxc2 {[%clk 00:47:20]} {[%emt 00:00:04]} 29. Rf7
{[%clk 00:46:18]} {[%emt 00:00:25]} Rg8 {[%clk 00:47:15]} {[%emt 00:00:35]} 30.
d6 {[%clk 00:45:30]} {[%emt 00:01:18]} Bb3 {[%clk 00:47:36]} {[%emt 00:00:09]}
31. Rf5 {[%clk 00:45:08]} {[%emt 00:00:51]} Kh7 {[%clk 00:47:41]} {[%emt
00:00:26]} 32. Rxh5+ {[%clk 00:44:48]} {[%emt 00:00:50]} Kg6 {[%clk 00:48:06]}
{[%emt 00:00:05]} 33. Re5 {[%clk 00:45:04]} {[%emt 00:00:14]} Ba4 {[%clk
00:46:07]} {[%emt 00:02:30]} 34. Rxc5 {[%clk 00:44:45]} {[%emt 00:00:48]} Rab8
{[%clk 00:46:09]} {[%emt 00:00:28]} 35. Bc3 {[%clk 00:42:49]} {[%emt 00:02:25]}
Rxb5 {[%clk 00:46:19]} {[%emt 00:00:21]} 36. Rxb5 {[%clk 00:42:40]} {[%emt
00:00:39]} Bxb5 {[%clk 00:46:48]} {[%emt 00:00:01]} 37. d7 {[%clk 00:41:59]}
{[%emt 00:01:10]} Kf5 {[%clk 00:45:39]} {[%emt 00:01:39]} 38. Ba5 {[%clk
00:42:10]} {[%emt 00:00:20]}  1-0

[Event "2022 Welsh Championship"]
[Site "Cardiff"]
[Date "2022.04.17"]
[Round "5"]
[Board "9"]
[White "Turner, Joseph David"]
[Black "Evans, Nicholas Thomas"]
[Result "1/2-1/2"]
[WhiteElo "1888"]
[BlackElo "1882"]
[PlyCount "0"]
[EventDate "2022.04.15"]
[EventRounds "7"]
[EventCountry "WLS"]

1. e4 {[%clk 01:18:05]} {[%emt 00:12:55]} d5 {[%clk 01:30:51]} {[%emt
00:00:09]} 2. exd5 {[%clk 01:18:26]} {[%emt 00:00:09]} Nf6 {[%clk 01:31:17]}
{[%emt 00:00:03]} 3. Be2 {[%clk 01:18:44]} {[%emt 00:00:12]} Nxd5 {[%clk
01:29:26]} {[%emt 00:02:22]} 4. d4 {[%clk 01:18:45]} {[%emt 00:00:29]} Bf5
{[%clk 01:28:31]} {[%emt 00:01:24]} 5. a3 {[%clk 01:07:56]} {[%emt 00:11:19]}
e6 {[%clk 01:21:05]} {[%emt 00:07:56]} 6. c4 {[%clk 01:04:07]} {[%emt
00:04:19]} Nb6 {[%clk 01:21:24]} {[%emt 00:00:11]} 7. Nc3 {[%clk 01:02:09]}
{[%emt 00:02:28]} c6 {[%clk 01:10:09]} {[%emt 00:11:45]} 8. Be3 {[%clk
00:47:55]} {[%emt 00:14:43]} Be7 {[%clk 01:01:22]} {[%emt 00:09:17]} 9. Nf3
{[%clk 00:37:45]} {[%emt 00:10:41]} O-O {[%clk 01:00:58]} {[%emt 00:00:54]} 10.
h3 {[%clk 00:35:25]} {[%emt 00:02:50]} h6 {[%clk 00:57:44]} {[%emt 00:03:44]}
11. g4 {[%clk 00:29:35]} {[%emt 00:06:20]} Bh7 {[%clk 00:57:57]} {[%emt
00:00:17]} 12. Qd2 {[%clk 00:20:44]} {[%emt 00:09:21]} c5 {[%clk 00:47:42]}
{[%emt 00:10:45]} 13. dxc5 {[%clk 00:17:28]} {[%emt 00:03:45]} Qxd2+ {[%clk
00:47:00]} {[%emt 00:01:13]} 14. Nxd2 {[%clk 00:15:00]} {[%emt 00:02:59]} N6d7
{[%clk 00:47:19]} {[%emt 00:00:11]} 15. b4 {[%clk 00:12:53]} {[%emt 00:02:38]}
a5 {[%clk 00:39:28]} {[%emt 00:08:20]} 16. O-O {[%clk 00:11:55]} {[%emt
00:01:28]} Bf6 {[%clk 00:38:49]} {[%emt 00:01:09]} 17. Rac1 {[%clk 00:10:50]}
{[%emt 00:01:34]} axb4 {[%clk 00:38:48]} {[%emt 00:00:31]} 18. axb4 {[%clk
00:11:16]} {[%emt 00:00:05]} Na6 {[%clk 00:34:51]} {[%emt 00:04:27]} 19. Bf3
{[%clk 00:07:34]} {[%emt 00:04:12]} Nxb4 {[%clk 00:33:49]} {[%emt 00:01:32]} 20.
Bxb7 {[%clk 00:07:44]} {[%emt 00:00:20]} Nd3 {[%clk 00:21:52]} {[%emt
00:12:26]} 21. Bxa8 {[%clk 00:07:08]} {[%emt 00:01:06]} Rxa8 {[%clk 00:21:13]}
{[%emt 00:01:09]} 22. c6 {[%clk 00:04:11]} {[%emt 00:03:27]} Nxc1 {[%clk
00:20:24]} {[%emt 00:01:19]} 23. Rxc1 {[%clk 00:03:49]} {[%emt 00:00:51]} Ne5
{[%clk 00:20:17]} {[%emt 00:00:37]} 24. Nce4 {[%clk 00:03:24]} {[%emt
00:00:55]} Nxc6 {[%clk 00:17:22]} {[%emt 00:03:25]} 25. Nxf6+ {[%clk 00:03:43]}
{[%emt 00:00:11]} gxf6 {[%clk 00:17:50]} {[%emt 00:00:02]} 26. Bxh6 {[%clk
00:04:00]} {[%emt 00:00:12]} Nd4 {[%clk 00:16:58]} {[%emt 00:01:22]} 27. Kg2
{[%clk 00:03:19]} {[%emt 00:01:11]} Bd3 {[%clk 00:15:02]} {[%emt 00:02:25]} 28.
Rc3 {[%clk 00:03:13]} {[%emt 00:00:35]} Be2 {[%clk 00:13:54]} {[%emt 00:01:39]}
29. Be3 {[%clk 00:02:46]} {[%emt 00:00:56]} Nc6 {[%clk 00:11:25]} {[%emt
00:02:59]} 30. Ne4 {[%clk 00:02:51]} {[%emt 00:00:25]} Kg7 {[%clk 00:11:44]}
{[%emt 00:00:11]} 31. Ng3 {[%clk 00:02:56]} {[%emt 00:00:25]} Bd1 {[%clk
00:11:27]} {[%emt 00:00:47]} 32. Nh5+ {[%clk 00:02:58]} {[%emt 00:00:27]} Kg6
{[%clk 00:11:47]} {[%emt 00:00:11]} 33. Nf4+ {[%clk 00:03:01]} {[%emt
00:00:28]} Kg7 {[%clk 00:12:04]} {[%emt 00:00:13]} 34. Rc1 {[%clk 00:02:49]}
{[%emt 00:00:42]} Rd8 {[%clk 00:11:47]} {[%emt 00:00:47]} 35. Nh5+ {[%clk
00:02:01]} {[%emt 00:01:18]} Kg6 {[%clk 00:12:11]} {[%emt 00:00:06]} 36. f4
{[%clk 00:02:06]} {[%emt 00:00:24]} f5 {[%clk 00:11:56]} {[%emt 00:00:46]} 37.
Ng3 {[%clk 00:01:27]} {[%emt 00:01:08]} fxg4 {[%clk 00:12:16]} {[%emt
00:00:10]} 38. hxg4 {[%clk 00:01:26]} {[%emt 00:00:31]} Bxg4 {[%clk 00:12:35]}
{[%emt 00:00:10]} 39. Rc2 {[%clk 00:01:29]} {[%emt 00:00:24]}  1/2-1/2

[Event "2022 Welsh Championship"]
[Site "Cardiff"]
[Date "2022.04.18"]
[Round "6"]
[Board "1"]
[White "Camacho Collados, Jose"]
[Black "Toczek, Grzegorz"]
[Result "1/2-1/2"]
[WhiteElo "2414"]
[BlackElo "2290"]
[PlyCount "0"]
[EventDate "2022.04.15"]
[EventRounds "7"]
[EventCountry "WLS"]

1. Nf3 {[%clk 01:30:57]} {[%emt 00:00:01]} d5 {[%clk 01:29:22]} {[%emt
00:01:39]} 2. d4 {[%clk 01:28:53]} {[%emt 00:02:35]} e6 {[%clk 01:29:37]}
{[%emt 00:00:15]} 3. Bg5 {[%clk 01:28:36]} {[%emt 00:00:47]} f6 {[%clk
01:26:38]} {[%emt 00:03:29]} 4. Bf4 {[%clk 01:28:20]} {[%emt 00:00:46]} Bd6
{[%clk 01:22:37]} {[%emt 00:04:31]} 5. e3 {[%clk 01:28:28]} {[%emt 00:00:22]}
Bxf4 {[%clk 01:19:58]} {[%emt 00:03:09]} 6. exf4 {[%clk 01:28:55]} {[%emt
00:00:02]} Qd6 {[%clk 01:20:23]} {[%emt 00:00:06]} 7. g3 {[%clk 01:28:06]}
{[%emt 00:01:18]} Ne7 {[%clk 01:17:56]} {[%emt 00:02:57]} 8. Bd3 {[%clk
01:18:34]} {[%emt 00:10:02]} Qb4+ {[%clk 01:10:41]} {[%emt 00:07:45]} 9. Nbd2
{[%clk 01:14:31]} {[%emt 00:04:33]} Qxb2 {[%clk 01:08:42]} {[%emt 00:02:29]} 10.
O-O {[%clk 01:14:18]} {[%emt 00:00:42]} O-O {[%clk 01:06:03]} {[%emt 00:03:10]}
11. Re1 {[%clk 01:11:56]} {[%emt 00:02:53]} Nbc6 {[%clk 01:05:22]} {[%emt
00:01:10]} 12. Nb3 {[%clk 01:06:24]} {[%emt 00:06:02]} Qa3 {[%clk 01:05:34]}
{[%emt 00:00:18]} 13. c4 {[%clk 00:46:52]} {[%emt 00:20:02]} Qd6 {[%clk
01:05:38]} {[%emt 00:00:26]} 14. Rc1 {[%clk 00:47:10]} {[%emt 00:00:12]} Nb4
{[%clk 00:57:27]} {[%emt 00:08:41]} 15. c5 {[%clk 00:40:05]} {[%emt 00:07:35]}
Qd8 {[%clk 00:57:42]} {[%emt 00:00:15]} 16. Bb1 {[%clk 00:39:38]} {[%emt
00:00:57]} c6 {[%clk 00:57:53]} {[%emt 00:00:19]} 17. a3 {[%clk 00:33:12]}
{[%emt 00:06:56]} Na6 {[%clk 00:58:19]} {[%emt 00:00:05]} 18. Qd3 {[%clk
00:33:23]} {[%emt 00:00:19]} g6 {[%clk 00:44:57]} {[%emt 00:13:51]} 19. Kg2
{[%clk 00:30:40]} {[%emt 00:03:13]} Nc7 {[%clk 00:42:09]} {[%emt 00:03:18]} 20.
h3 {[%clk 00:30:33]} {[%emt 00:00:36]} Ne8 {[%clk 00:40:29]} {[%emt 00:02:10]}
21. Re2 {[%clk 00:29:55]} {[%emt 00:01:09]} Qc7 {[%clk 00:38:13]} {[%emt
00:02:46]} 22. Rce1 {[%clk 00:29:52]} {[%emt 00:00:33]} Ng7 {[%clk 00:38:20]}
{[%emt 00:00:23]} 23. Qc3 {[%clk 00:28:53]} {[%emt 00:01:30]} Bd7 {[%clk
00:38:24]} {[%emt 00:00:26]} 24. Bd3 {[%clk 00:26:36]} {[%emt 00:02:46]} b5
{[%clk 00:35:46]} {[%emt 00:03:08]} 25. Na5 {[%clk 00:21:16]} {[%emt 00:05:50]}
Qc8 {[%clk 00:31:09]} {[%emt 00:05:07]} 26. Ra2 {[%clk 00:21:01]} {[%emt
00:00:45]} Nh5 {[%clk 00:30:52]} {[%emt 00:00:46]} 27. Kh2 {[%clk 00:20:08]}
{[%emt 00:01:23]} Qc7 {[%clk 00:30:51]} {[%emt 00:00:31]} 28. Kg2 {[%clk
00:19:32]} {[%emt 00:01:05]} Qc8 {[%clk 00:31:05]} {[%emt 00:00:16]} 29. Kh2
{[%clk 00:17:58]} {[%emt 00:02:04]} Qc7 {[%clk 00:28:12]} {[%emt 00:03:23]} 30.
Bf1 {[%clk 00:16:48]} {[%emt 00:01:40]} h6 {[%clk 00:27:50]} {[%emt 00:00:52]}
31. Kg1 {[%clk 00:12:35]} {[%emt 00:04:44]} g5 {[%clk 00:26:57]} {[%emt
00:01:23]} 32. fxg5 {[%clk 00:11:43]} {[%emt 00:01:21]} hxg5 {[%clk 00:27:25]}
{[%emt 00:00:01]} 33. Nb3 {[%clk 00:10:34]} {[%emt 00:01:40]} a5 {[%clk
00:27:31]} {[%emt 00:00:24]} 34. Nc1 {[%clk 00:07:34]} {[%emt 00:03:30]} Ng7
{[%clk 00:26:44]} {[%emt 00:01:17]} 35. Nh2 {[%clk 00:06:46]} {[%emt 00:01:17]}
Ngf5 {[%clk 00:27:02]} {[%emt 00:00:13]} 36. Ng4 {[%clk 00:06:36]} {[%emt
00:00:39]} Kg7 {[%clk 00:27:21]} {[%emt 00:00:12]} 37. Rae2 {[%clk 00:05:58]}
{[%emt 00:01:08]} Rae8 {[%clk 00:27:00]} {[%emt 00:00:50]} 38. Nb3 {[%clk
00:05:52]} {[%emt 00:00:36]} a4 {[%clk 00:26:49]} {[%emt 00:00:42]} 39. Na1
{[%clk 00:04:00]} {[%emt 00:02:22]} Ng6 {[%clk 00:25:20]} {[%emt 00:01:59]} 40.
Nc2 {[%clk 00:03:41]} {[%emt 00:00:49]} Nh6 {[%clk 00:24:25]} {[%emt 00:01:25]}
41. Nh2 {[%clk 00:26:45]} {[%emt 00:07:26]} Nf7 {[%clk 00:53:35]} {[%emt
00:01:20]} 42. Ng4 {[%clk 00:23:36]} {[%emt 00:03:39]} Nh6 {[%clk 00:48:59]}
{[%emt 00:05:06]} 43. Nh2 {[%clk 00:23:39]} {[%emt 00:00:28]} Re7 {[%clk
00:46:48]} {[%emt 00:02:40]} 44. Bg2 {[%clk 00:22:42]} {[%emt 00:01:27]} Rfe8
{[%clk 00:47:06]} {[%emt 00:00:12]} 45. Nf3 {[%clk 00:15:29]} {[%emt 00:07:43]}
Nf7 {[%clk 00:47:17]} {[%emt 00:00:19]} 46. Nb4 {[%clk 00:15:02]} {[%emt
00:00:57]} Kg8 {[%clk 00:44:26]} {[%emt 00:03:21]} 47. Qc2 {[%clk 00:14:20]}
{[%emt 00:01:13]} Kg7 {[%clk 00:44:51]} {[%emt 00:00:04]} 48. Qc3 {[%clk
00:14:49]} {[%emt 00:00:01]} Rh8 {[%clk 00:41:58]} {[%emt 00:03:23]} 49. Nd3
{[%clk 00:14:17]} {[%emt 00:01:02]} Qc8 {[%clk 00:42:00]} {[%emt 00:00:28]} 50.
Re3 {[%clk 00:08:35]} {[%emt 00:06:12]} Nh6 {[%clk 00:39:59]} {[%emt 00:02:31]}
51. Nh2 {[%clk 00:08:14]} {[%emt 00:00:51]} Nf5 {[%clk 00:40:14]} {[%emt
00:00:15]} 52. R3e2 {[%clk 00:08:23]} {[%emt 00:00:22]} Nf8 {[%clk 00:37:46]}
{[%emt 00:02:58]} 53. Ng4 {[%clk 00:08:17]} {[%emt 00:00:37]} Be8 {[%clk
00:38:00]} {[%emt 00:00:15]} 54. Nb4 {[%clk 00:06:22]} {[%emt 00:02:25]} Qc7
{[%clk 00:34:27]} {[%emt 00:04:03]} 55. Ne3 {[%clk 00:04:16]} {[%emt 00:02:36]}
Nxe3 {[%clk 00:34:29]} {[%emt 00:00:28]} 56. Rxe3 {[%clk 00:04:35]} {[%emt
00:00:11]} Ng6 {[%clk 00:34:02]} {[%emt 00:00:56]} 57. Rxe6 {[%clk 00:04:13]}
{[%emt 00:00:52]} Rxe6 {[%clk 00:34:13]} {[%emt 00:00:19]} 58. Rxe6 {[%clk
00:04:41]} {[%emt 00:00:01]} Bd7 {[%clk 00:34:34]} {[%emt 00:00:09]} 59. Rd6
{[%clk 00:04:34]} {[%emt 00:00:37]} Ne7 {[%clk 00:34:43]} {[%emt 00:00:22]} 60.
Bxd5 {[%clk 00:00:44]} {[%emt 00:04:21]} cxd5 {[%clk 00:29:02]} {[%emt
00:06:11]} 61. Qf3 {[%clk 00:00:58]} {[%emt 00:00:15]} Rf8 {[%clk 00:29:21]}
{[%emt 00:00:11]} 62. g4 {[%clk 00:00:42]} {[%emt 00:00:46]} Qc8 {[%clk
00:27:08]} {[%emt 00:02:43]} 63. Qe3 {[%clk 00:00:38]} {[%emt 00:00:33]} Re8
{[%clk 00:25:47]} {[%emt 00:01:52]} 64. Qf3 {[%clk 00:00:54]} {[%emt 00:00:12]}
Be6 {[%clk 00:26:01]} {[%emt 00:00:17]} 65. Rb6 {[%clk 00:00:34]} {[%emt
00:00:51]} Qd7 {[%clk 00:20:09]} {[%emt 00:06:22]} 66. Rd6 {[%clk 00:01:03]}
{[%emt 00:00:01]} Qc8 {[%emt 00:00:01]} 67. Rb6 Qd7 {[%clk 00:20:33]} {[%emt
00:00:35]} 68. Rd6 {[%clk 00:01:51]} {[%emt 00:00:12]}  1/2-1/2